[Event "Redbus KO"]
[Site "Southend"]
[Date "1999.04.03"]
[Round "2.2"]
[White "Davies, Nigel R"]
[Black "Speelman, Jonathan S"]
[Result "1/2-1/2"]
[WhiteElo "2515"]
[BlackElo "2600"]

1.e4 c6 2.Ne2 d5 3.e5 c5 4.d4 Nc6 5.c3 cxd4 6.cxd4 Bf5 7.Nbc3 e6 8.a3 a6
9.Be3 f6 10.h3 h5 11.exf6 Nxf6 12.g3 Bd6 13.Bg2 Rc8 14.O-O Na5 15.Bf4 Nc4
16.Qc1 Bxf4 17.Nxf4 g5 18.Nfe2 Rg8 19.b3 Na5 20.Qd1 Qb6 21.b4 Nc4 22.Na4 Qc6
23.Rc1 Kf7 24.Nc5 Qc7 25.Re1 b6 26.Nd3 Qd6 27.Rc3 Ne4 28.Rxc4 dxc4 29.Ne5+ Kg7
30.g4 hxg4 31.Bxe4 Bxe4 32.Ng3 Bh7 33.Nh5+ Kf8 34.hxg4 Ke7 35.Qf3 Rgf8 36.Qe3 Kd8
37.d5 Rc7 38.Nc6+ Rxc6 39.dxc6 Kc7 40.Qc3 e5 41.Qxc4 Bd3 42.Qc3 e4 43.Qg7+ Kxc6
44.Rc1+ Kb5 45.Ng3 Ka4 46.Qxg5 Qf4 47.Qxf4 Rxf4 48.Rc6 Rxg4  1/2-1/2

[Event "Redbus KO"]
[Site "Southend"]
[Date "1999.04.03"]
[Round "2.1"]
[White "Speelman, Jonathan S"]
[Black "Davies, Nigel R"]
[Result "1-0"]
[WhiteElo "2601"]
[BlackElo "2515"]

1.Nf3 g6 2.e4 c5 3.c3 Bg7 4.h3 d5 5.exd5 Qxd5 6.d4 Nf6 7.Qb3 Qxb3 8.axb3 Nbd7
9.dxc5 Nxc5 10.Be3 b6 11.Bxc5 bxc5 12.Bb5+ Bd7 13.Bxd7+ Nxd7 14.Ra6 O-O 15.Nbd2 f5
16.Ke2 Rf6 17.Rha1 Rxa6 18.Rxa6 e5 19.Nc4 e4 20.Ng5 Ne5 21.Nxe5 Bxe5 22.Ne6 c4
23.Ra5 Bd6 24.bxc4 Kf7 25.Nd4 a6 26.b4 Bc7 27.Ra4 Be5 28.b5 a5 29.Nc6 Ke6
30.c5 Kd5 31.c4+  1-0

[Event "Bundesliga 9899"]
[Site "Germany"]
[Date "1999.04.17"]
[Round "14.6"]
[White "Kummerow, Heiko"]
[Black "Speelman, Jonathan S"]
[Result "0-1"]
[WhiteElo "2288"]
[BlackElo "2601"]

1.e4 c6 2.d4 d5 3.Nc3 dxe4 4.Nxe4 Nd7 5.Ng5 Ngf6 6.Bd3 e6 7.N1f3 Bd6 8.Qe2 h6
9.Ne4 Nxe4 10.Qxe4 Qc7 11.Qg4 Kf8 12.O-O c5 13.Qh4 c4 14.Be2 b5 15.a4 b4
16.Bxc4 Bb7 17.Nd2 Nf6 18.Bd3 Bd5 19.Qh3 Rd8 20.Re1 Kg8 21.Nf1 g6 22.Ne3 Kg7
23.Bd2 Be4 24.Bxe4 Nxe4 25.Rad1 Nxd2 26.Rxd2 Bf4 27.g3 Bxe3 28.fxe3 h5 29.Qh4 Rd5
30.Qf4 e5 31.Qf3 Rhd8 32.Rf2 Qe7 33.Ref1 R8d7 34.c4 bxc3 35.bxc3 R5d6 36.Qe4 exd4
37.Rxf7+ Qxf7 38.Rxf7+ Kxf7 39.cxd4 Re7 40.Qf3+ Rf6 41.Qd5+ Kg7 42.e4 Rc7
43.Qe5 Rc1+ 44.Kg2 Rc2+ 45.Kh3 Rf2 46.Kh4 Kh6 47.Qg5+ Kh7 48.Kh3 Rf7 49.d5 Re2
50.Qe5 Rff2 51.Kh4 Rf5 52.Qc7+ Kh6 53.g4 g5+ 54.Kg3 h4+  0-1

[Event "Bundesliga 9899"]
[Site "Germany"]
[Date "1999.04.18"]
[Round "15.6"]
[White "Speelman, Jonathan S"]
[Black "Andersson, Ulf"]
[Result "1/2-1/2"]
[WhiteElo "2601"]
[BlackElo "2623"]

1.d4 Nf6 2.c4 e6 3.Nf3 Bb4+ 4.Bd2 Bxd2+ 5.Qxd2 O-O 6.Nc3 d5 7.e3 Qe7 8.Rc1 Nbd7
9.Qc2 dxc4 10.Bxc4 c5 11.O-O Nb6 12.Be2 Bd7 13.dxc5 Qxc5 14.Qb1 Qe7 15.Ne5 Rfd8
16.Nxd7 Rxd7 17.Rfd1 Rxd1+ 18.Rxd1 g6 19.h3 Rc8 20.Rd4 Nbd5 21.Nxd5  1/2-1/2

[Event "Katrineholm"]
[Site "Katrineholm"]
[Date "1999.05.11"]
[Round "1"]
[White "Speelman, Jonathan S"]
[Black "Fedorov, Alexei"]
[Result "1-0"]
[WhiteElo "2601"]
[BlackElo "2648"]

1.d4 Nf6 2.Nf3 g6 3.c4 Bg7 4.Nc3 d6 5.e4 O-O 6.h3 e5 7.d5 Na6 8.Nd2 Bh6 9.Be2 Nc5
10.Qc2 a5 11.h4 a4 12.h5 Bg7 13.Nf1 c6 14.Ng3 cxd5 15.exd5 Ne8 16.hxg6 hxg6
17.Nge4 Nxe4 18.Nxe4 f5 19.Nc3 Bd7 20.g4 e4 21.gxf5 Bxf5 22.Be3 Qa5 23.a3 b5
24.cxb5 Rc8 25.Rc1 Rf7 26.Bd1 Nf6 27.Qxa4 Qd8 28.b6 Nd7 29.Qb4 Nc5 30.Be2 Rb7
31.Na4 Nd3+ 32.Bxd3 Rxc1+ 33.Bxc1 exd3 34.Be3 Qe7 35.Kd2 Qe5 36.Nc3 g5 37.a4 Rb8
38.a5 Bc8 39.Rg1 g4 40.Qf4 Ra8 41.Qxe5  1-0

[Event "Katrineholm"]
[Site "Katrineholm"]
[Date "1999.05.13"]
[Round "3"]
[White "Speelman, Jonathan S"]
[Black "Laveryd, Peter"]
[Result "1-0"]
[WhiteElo "2601"]
[BlackElo "2420"]

1.Nf3 Nf6 2.c4 g6 3.g3 Bg7 4.Bg2 O-O 5.O-O d6 6.d4 Nbd7 7.Qc2 e5 8.Rd1 Re8
9.Nc3 c6 10.d5 cxd5 11.cxd5 a6 12.a4 b6 13.Nd2 Qc7 14.b3 Nc5 15.b4 Ncd7 16.e4 Bb7
17.Bf1 Rec8 18.Nc4 Ne8 19.Be3 Qd8 20.Rab1 Bf8 21.Rdc1 Ng7 22.f3 Rab8 23.Qf2 Ba8
24.Na3 Bb7 25.Nc4 Ba8 26.Bd3 f5 27.Qe2 Bb7 28.Nd2 Ra8 29.Nd1 Rxc1 30.Rxc1 Be7
31.Nf2 Rc8 32.Rxc8 Qxc8 33.Nc4 Qc7 34.Qc2 fxe4 35.fxe4 Ne8 36.Nxb6 Qd8 37.Nc4 Nb8
38.Na5 Ba8 39.Nc6 Qc7 40.Nxe7+ Qxe7 41.Qc8  1-0

[Event "Katrineholm"]
[Site "Katrineholm"]
[Date "1999.05.15"]
[Round "5"]
[White "Speelman, Jonathan S"]
[Black "Lyrberg, Patrik"]
[Result "1-0"]
[WhiteElo "2600"]
[BlackElo "2405"]

1.d4 Nf6 2.Nf3 g6 3.c4 Bg7 4.Nc3 O-O 5.Bg5 d6 6.e3 h6 7.Bh4 c5 8.d5 e5 9.Nd2 Bf5
10.g4 Bc8 11.Nde4 a6 12.h3 b5 13.cxb5 axb5 14.Bxb5 g5 15.Nxf6+ Qxf6 16.Bg3 e4
17.Nxe4 Qxb2 18.Rb1 Qxa2 19.Nxd6 Na6 20.O-O Nb4 21.Bc4 Qa7 22.e4 Ba6 23.Qe2 Bxc4
24.Qxc4  1-0

[Event "Katrineholm"]
[Site "Katrineholm"]
[Date "1999.05.18"]
[Round "7"]
[White "Lutz, Christopher"]
[Black "Speelman, Jonathan S"]
[Result "1/2-1/2"]
[WhiteElo "2610"]
[BlackElo "2601"]

1.e4 c6 2.d4 d5 3.e5 c5 4.dxc5 e6 5.Nf3 Bxc5 6.Bd3 Nc6 7.O-O Nge7 8.Bf4 Ng6
9.Bg3 O-O 10.a3 Bd7 11.Nc3 Kh8 12.Qd2 Nd4 13.Nxd4 Bxd4 14.Bxg6 Bxc3 15.Qxc3 fxg6
16.Qb4 Qc8 17.c3 a5 18.Qd4 Bb5 19.Rfd1 a4 20.f3 Bc4 21.Bf2 Kg8 22.Qd2 Qc7
23.Bd4 Rf5 24.Qe3 Raf8 25.h3 g5 26.Bb6 Qc6 27.Bc5 R8f7 28.Bb4 Rf4 29.Rd4 h6  1/2-1/2

[Event "Katrineholm"]
[Site "Katrineholm"]
[Date "1999.05.19"]
[Round "8"]
[White "Speelman, Jonathan S"]
[Black "Gavrikov, Viktor"]
[Result "1/2-1/2"]
[WhiteElo "2601"]
[BlackElo "2532"]

1.Nf3 Nf6 2.c4 b6 3.Nc3 Bb7 4.d4 e6 5.Bg5 h6 6.Bh4 Be7 7.e3 O-O 8.Bd3 c5
9.dxc5 bxc5 10.O-O d6 11.Qe2 Nh5 12.Bxe7 Qxe7 13.Be4 Nc6 14.Rfd1 Nf6  1/2-1/2

[Event "BCF-chT 98/99 (4NCL)"]
[Site "GBR"]
[Date "1999.05.23"]
[Round "9"]
[White "Buckley, Graeme"]
[Black "Speelman, Jonathan S"]
[Result "0-1"]
[WhiteElo "2285"]
[BlackElo "2601"]

1.d4 Nf6 2.c4 e6 3.Nc3 Bb4 4.Nf3 d6 5.e3 O-O 6.Bd3 Qe7 7.Qb3 c5 8.e4 cxd4
9.Qxb4 Na6 10.Qa3 dxc3 11.Qxc3 Nc5 12.Bg5 b5 13.cxb5 Bb7 14.Bxf6 Qxf6 15.Qxf6 gxf6
16.Ke2 Nxe4 17.Rhc1 Nc5 18.Nd4 Rfc8 19.Nc6 Bxc6 20.bxc6 Rab8 21.Rab1 a5 22.Rxc5 dxc5
23.Be4 Rb4 24.Bf3 e5 25.Bd5 Kf8 26.Rc1 c4 27.Ke3 f5 28.f4 Rb5 29.Rd1 Rxb2
30.fxe5 c3 31.Rc1 c2 32.Kf4 Rb5 33.Bf3 Rc5 34.Kxf5 Rb8 35.Be4 Rb2 36.Kf4 Rxa2
37.g4 Ra4 38.Kf5 Rxe4 39.Kxe4 Rxc6 40.Kd3 Ke7  0-1

[Event "BCF-chT 98/99 (4NCL)"]
[Site "GBR"]
[Date "1999.05.24"]
[Round "10"]
[White "Crouch, Colin S"]
[Black "Speelman, Jonathan S"]
[Result "1/2-1/2"]
[WhiteElo "2430"]
[BlackElo "2601"]

1.d4 e6 2.e4 d5 3.e5 c5 4.dxc5 Nc6 5.Nf3 Bxc5 6.a3 f6 7.b4 Be7 8.Bb2 Nh6
9.c4 O-O 10.Nc3 fxe5 11.cxd5 e4 12.dxc6 exf3 13.Qxd8 Bxd8 14.Ne4 bxc6 15.gxf3 a5
16.O-O-O axb4 17.axb4 Be7 18.Rg1 g6 19.Bc4 Ra4 20.Nd6 Rxb4 21.Ba2 Bxd6 22.Rxd6 Nf7
23.Rxc6 Bd7 24.Rc7 Rc8 25.Rxc8+ Bxc8 26.Rd1 Rb6 27.f4 Rc6+ 28.Kd2 Rd6+ 29.Ke1 Rxd1+
30.Kxd1 Nh6 31.Ke2 Kf7 32.Bb1 Bb7 33.f3 Ng8 34.Kf2 Ne7 35.Kg3 Nf5+  1/2-1/2

[Event "London MSO Masters"]
[Site "London"]
[Date "1999.08.21"]
[Round "1"]
[White "Milligan Scott, Helen"]
[Black "Speelman, Jonathan S"]
[Result "0-1"]
[WhiteElo "2138"]
[BlackElo "2597"]

1.d4 e6 2.Nf3 c5 3.e3 Nf6 4.c4 cxd4 5.exd4 b6 6.Nc3 Bb7 7.Bf4 Bb4 8.Bd3 O-O
9.O-O d5 10.Nb5 dxc4 11.Bxc4 a6 12.Nc7 Bxf3 13.Qxf3 Ra7 14.Qb3 Bd6 15.Nxe6 fxe6
16.Bxe6+ Kh8 17.Bxd6 Qxd6 18.d5 Nbd7 19.Rfe1 Nc5  0-1

[Event "Bundesliga 9900"]
[Site "Germany"]
[Date "1999.10.09"]
[Round "1"]
[White "Van der Sterren, Paul"]
[Black "Speelman, Jonathan S"]
[Result "0-1"]
[WhiteElo "2535"]
[BlackElo "2597"]

1.d4 e6 2.Nf3 c5 3.c4 cxd4 4.Nxd4 Nf6 5.Nc3 a6 6.Bg5 Be7 7.e3 Nc6 8.Be2 Qa5
9.Bxf6 Bxf6 10.Qd2 O-O 11.O-O Nxd4 12.exd4 b6 13.a3 Bb7 14.f4 Qf5 15.Rad1 Rac8
16.Qe3 d5 17.Bd3 Qh5 18.Be2 Qh6 19.cxd5 exd5 20.Bg4 Rc7 21.g3 g6 22.Rd2 Qg7
23.Rfd1 Rd8 24.Bf3 Qf8 25.Qd3 Qd6 26.Qe3 Kg7 27.Qf2 h5 28.h4 Re7 29.Kh2 b5
30.Re2 b4 31.Rxe7 Qxe7 32.axb4 Qxb4 33.Qd2 Rd6 34.Kg2 Qb3 35.Ra1 Rb6 36.Na4 Rb4
37.Ra3 Qc4 38.b3 Qxd4 39.Qxd4 Bxd4 40.Kf1 Bc6 41.Ke2 a5 42.Ke1 Rb8  0-1

[Event "Eu Team Ch"]
[Site "Batumi GEO"]
[Date "1999.12.04"]
[Round "5"]
[White "Speelman,J"]
[Black "Polgar,Ju"]
[Result "1/2-1/2"]
[WhiteElo "2597"]
[BlackElo "2671"]

1.d4 Nf6 2.Bg5 Ne4 3.Bf4 d5 4.Nd2 Bf5 5.e3 e6 6.Nxe4 Bxe4 7.Nf3 Bd6 8.Bxd6 Qxd6
9.Nd2 Bg6 10.c4 O-O 11.cxd5 exd5 12.Be2 Nd7 13.O-O c6 14.Qb3 Rab8 15.Rfc1 Rfe8
16.Bf3 Nf6 17.Qc3 Be4 18.Be2 Bf5 19.Qc5 Qxc5 20.Rxc5 Nd7 21.Rcc1 a5 22.Nb3 Ra8
23.Nc5 Nxc5 24.Rxc5 Kf8 25.Kf1 Ke7 26.Ke1  1/2-1/2

[Event "Bundesliga 1999-2000"]
[Site "Hamburg GER"]
[Date "1999.12.11"]
[Round "5"]
[White "Nielsen,PH"]
[Black "Speelman,J"]
[Result "1/2-1/2"]
[WhiteElo "2560"]
[BlackElo "2597"]

1.d4 e6 2.Nf3 c5 3.c4 cxd4 4.Nxd4 Nf6 5.g3 a6 6.Bg2 Qc7 7.b3 Bb4+ 8.Bd2 Bc5
9.Bc3 O-O 10.O-O d5 11.cxd5 Nxd5 12.Bb2 Rd8 13.Qc1 Qe7 14.Nf3 Nc6 15.Nc3 Nxc3
16.Qxc3 f6 17.Rfd1 Bd7 18.a3 Be8 19.b4 Ba7 20.e3 Rac8 21.Rxd8 Rxd8 22.Qb3 b5
23.Rc1 Rd6 24.Rd1 a5 25.Rxd6 Qxd6 26.Bf1 Bh5 27.Nd4 Bxd4 28.Bxd4 axb4 29.axb4 Nxb4
30.Bxb5 Nd5 31.Qa4 Nc7 32.Bf1 Bf3 33.Qa7 Bc6  1/2-1/2

[Event "Dordrecht FPO"]
[Site "Dordrecht"]
[Date "1999.??.??"]
[Round "11"]
[White "Vaganian, Rafael A"]
[Black "Speelman, Jonathan S"]
[Result "0-1"]
[WhiteElo "2605"]
[BlackElo "2601"]

1.d4 Nf6 2.Bg5 Ne4 3.Bf4 c5 4.f3 Nf6 5.d5 d6 6.Nc3 g6 7.e4 Bg7 8.Qd2 a6 9.a4 Nbd7
10.Nh3 O-O 11.Nf2 Rb8 12.Bh6 Ne5 13.Bxg7 Kxg7 14.Be2 h5 15.h3 h4 16.f4 Ned7
17.Ng4 b5 18.axb5 axb5 19.Nxf6 Nxf6 20.e5 Nd7 21.exd6 exd6 22.Nxb5 Nf6 23.O-O Bf5
24.c4 Ne4 25.Qc1 Qf6 26.Ra6 Rfe8 27.Bf3 Rxb5 28.cxb5 Qd4+ 29.Kh2 Nd2 30.Bg4 Bxg4
31.hxg4 Re2 32.Ra3 Nxf1+ 33.Qxf1 Rxb2 34.f5 Qe5+ 35.Kh1 Re2 36.Ra1 h3 37.gxh3 Qh2+  0-1

[Event "Premier"]
[Site "Hastings ENG"]
[Date "2000.01.04"]
[Round "1"]
[White "Sokolov,I"]
[Black "Speelman,J"]
[Result "1/2-1/2"]
[WhiteElo "2637"]
[BlackElo "2604"]

1.d4 e6 2.c4 b6 3.Nc3 Bb4 4.Nf3 Bb7 5.Bg5 Ne7 6.Qb3 h6 7.Bd2 a5 8.a3 Bxc3
9.Bxc3 O-O 10.e3 d5 11.cxd5 Nxd5 12.Be2 Nd7 13.O-O Nxc3 14.bxc3 e5 15.Rfd1 Qe7
16.Bb5 Rad8 17.Qa4 Bxf3 18.gxf3 Nf6 19.Qc2 Rd6 20.Kh1 Rfd8 21.Be2 g6 22.a4 Kg7
23.Rab1 c5 24.dxe5 Qxe5 25.c4 Rxd1+ 26.Rxd1 Rxd1+ 27.Qxd1 Qb2 28.Kg2 Ng8
29.Bd3 Qc3 30.Qb1 Ne7 31.Be4 Qxc4 32.Qb2+ Kf8 33.Qxb6 Qxa4 34.Qd8+ Qe8 35.Qxa5 Qc8
36.Qc3 h5 37.h3 Qc7 38.f4 Qd6 39.Qh8+ Ng8 40.Qe5 Qe7 41.Kf3 Qxe5 42.fxe5 Kg7
43.Ke2 f6 44.exf6+ Nxf6 45.Kd3 g5 46.Bf3 Kg6 47.Kc4 Kf5 48.Kxc5 g4 49.hxg4+ hxg4
50.Bxg4+  1/2-1/2

[Event "Premier"]
[Site "Hastings ENG"]
[Date "2000.01.07"]
[Round "4"]
[White "Speelman,J"]
[Black "Emms,J"]
[Result "1/2-1/2"]
[WhiteElo "2604"]
[BlackElo "2546"]

1.d4 Nf6 2.c4 e6 3.Nc3 Bb4 4.e3 O-O 5.Bd3 c5 6.Nf3 d5 7.O-O cxd4 8.exd4 dxc4
9.Bxc4 a6 10.Bg5 b5 11.Be2 Bb7 12.Ne5 Bxc3 13.bxc3 Nbd7 14.Nxd7 Qxd7 15.Bxf6 gxf6
16.a4 Kh8 17.axb5 axb5 18.Qd3 Bc6 19.Bf3 Qb7 20.Bxc6 Qxc6 21.Qe3 Rxa1 22.Rxa1 Ra8
23.Rxa8+  1/2-1/2

[Event "Premier"]
[Site "Hastings ENG"]
[Date "2000.01.08"]
[Round "5"]
[White "Krush,I"]
[Black "Speelman,J"]
[Result "0-1"]
[WhiteElo "2399"]
[BlackElo "2604"]

1.d4 e6 2.c4 b6 3.a3 Nf6 4.d5 Ba6 5.b3 Bd6 6.Nf3 O-O 7.Nc3 Qe7 8.e3 c6 9.Bd3 Bb7
10.O-O cxd5 11.cxd5 Nxd5 12.Nxd5 exd5 13.Bb2 Nc6 14.Qc2 g6 15.Rfe1 Ne5 16.Nxe5 Bxe5
17.Bxe5 Qxe5 18.Rad1 Rac8 19.Qb1 d4 20.exd4 Qa5 21.a4 Qb4 22.Bb5 Rc3 23.Re3 Rxe3
24.fxe3 a6 25.Bc4 Re8 26.Re1 Be4 27.Qd1 b5 28.axb5 axb5 29.Bf1 Ra8 30.Qe2 d5
31.Rc1 Qxb3 32.Qf2 Ra3 33.Rc8+ Kg7 34.Rc7 Bf5 35.Rb7 Qxe3 36.Qxe3 Rxe3 37.Rxb5 Re1
38.Rb3 Rd1 39.Kf2 Rxd4 40.Rb6 Rd2+ 41.Ke3 Ra2  0-1

[Event "Premier"]
[Site "Hastings ENG"]
[Date "2000.01.09"]
[Round "6"]
[White "Speelman,J"]
[Black "Sutovsky,E"]
[Result "1/2-1/2"]
[WhiteElo "2604"]
[BlackElo "2597"]

1.Nf3 Nf6 2.d4 g6 3.Bg5 Bg7 4.c3 O-O 5.Nbd2 e6 6.h3 h6 7.Bh4 c5 8.e3 cxd4
9.exd4 d5 10.Be2 Nc6 11.O-O g5 12.Bg3 Nh5 13.Bh2 Nf4  1/2-1/2

[Event "Bundesliga 1999-2000"]
[Site "Passau GER"]
[Date "2000.01.29"]
[Round "8"]
[White "Beim,V"]
[Black "Speelman,J"]
[Result "1/2-1/2"]
[WhiteElo "2563"]
[BlackElo "2604"]

1.e4 e6 2.d4 d5 3.Nd2 dxe4 4.Nxe4 Nd7 5.Nf3 Ngf6 6.Nxf6+ Nxf6 7.Bd3 c5 8.dxc5 Bxc5
9.O-O O-O 10.Bg5 Qc7 11.Qe2 Nd5 12.Qe4 f5 13.Qe2 Bd7 14.Ne5 Be8 15.Rad1 Kh8
16.Rfe1 Bd6 17.a3 Nf6 18.Nf3 Bc6 19.Qxe6 Ng4 20.Be7 Bxe7 21.Qxe7 Qb6 22.Re2 Qxb2
23.Bxf5 Nh6 24.Bd3 Rf7 25.Qb4 Qxb4 26.axb4 Bxf3 27.gxf3 g6 28.Be4 Rc8 29.Ra1 b6
30.Bd5 Rfc7 31.c4 Rd8 32.Rae1  1/2-1/2

[Event "Bundesliga 1999-2000"]
[Site "Passau GER"]
[Date "2000.01.30"]
[Round "9"]
[White "Speelman,J"]
[Black "Ribli,Z"]
[Result "1/2-1/2"]
[WhiteElo "2604"]
[BlackElo "2569"]

1.Nf3 d5 2.g3 g6 3.Bg2 Bg7 4.O-O Nf6 5.c4 c5 6.Qa4+ Nc6 7.Ne5 Qd6 8.cxd5 Nxd5
9.Nc4 Qe6 10.Nc3 Nxc3 11.dxc3 O-O 12.Nb6 axb6 13.Qxa8 Qxe2 14.Qa4 Be6 15.Qd1 Qc4
16.Bf4 b5 17.Re1 b4 18.Bf1 Qd5 19.Qxd5 Bxd5 20.Rad1 Bxa2 21.cxb4 cxb4 22.Bg2 Be6
23.Rd2 h5 24.h4 Ra8 25.Bg5 b3 26.Bxc6 bxc6  1/2-1/2

[Event "Blitz Chess Marathon"]
[Site "Dordrecht NED"]
[Date "2000.02.12"]
[Round "10.1"]
[White "Speelman,J"]
[Black "Van Wely,L"]
[Result "1-0"]
[WhiteElo "2604"]
[BlackElo "2646"]

1.Nf3 Nf6 2.c4 c6 3.Nc3 d5 4.e3 a6 5.b3 Bg4 6.Be2 e6 7.O-O Nbd7 8.Bb2 Bd6
9.Rc1 O-O 10.h3 Bh5 11.cxd5 cxd5 12.d3 Rc8 13.Qd2 Qe7 14.Rc2 Bb4 15.Rfc1 Qd6
16.Qd1 Nb6 17.Nb1 Qe7 18.Bd4 Nfd7 19.Rc7 Qd6 20.Rxb7 Rxc1 21.Qxc1 Rc8 22.Qd1 Qc6
23.Ra7 Qc1 24.Nc3 Rxc3 25.Bxc3 Qxc3 26.Rxa6 h6 27.a3 Bd6 28.b4 Bxf3 29.Bxf3 g6
30.Ra7 Ne5 31.Be2 Qb2 32.a4 Bxb4 33.a5 Nbd7 34.a6 Kg7 35.Rb7 Qa3 36.a7 Bd6
37.Qb3 Qa1+ 38.Qb1 Qa5 39.d4 Nc4 40.Qb5 Qe1+ 41.Bf1 Nf6  1-0

[Event "Blitz Chess Marathon"]
[Site "Dordrecht NED"]
[Date "2000.02.12"]
[Round "11.2"]
[White "Speelman,J"]
[Black "Timman,J"]
[Result "1-0"]
[WhiteElo "2604"]
[BlackElo "2655"]

1.Nf3 Nf6 2.c4 c5 3.Nc3 d5 4.cxd5 Nxd5 5.e4 Nb4 6.Bc4 Nd3+ 7.Ke2 Nf4+ 8.Kf1 Ne6
9.d3 g6 10.h4 h6 11.Be3 Bg7 12.Bxe6 Bxe6 13.Bxc5 Nc6 14.d4 b6 15.d5 bxc5
16.dxe6 fxe6 17.Qb3 Qc8 18.Qc4 Rb8 19.Nd1 Nd4 20.Nxd4 Bxd4 21.Rc1 O-O 22.Rc2 Rb4
23.Qe2 Qb7 24.Qg4 Kh7 25.h5 g5 26.Qxe6 Rb6 27.Qc4 Rb4 28.Qe2 Bg7 29.Rh3 Rxe4
30.Qd3 Kh8 31.Rxc5 Rd4 32.Qe2 Rfd8 33.Rc1 Rd2 34.Qg4 Qd5 35.Nc3 Qf7 36.Rf3 Qe8
37.b3 Qc6 38.Kg1 R2d4 39.Qf5 Rf8 40.Qg6 Qxg6 41.hxg6 Rxf3 42.gxf3 Be5 43.Ne4 Kg7
44.Rc6 Bd6 45.Nxd6 Rxd6 46.Rc7 Ra6 47.Rxe7+ Kxg6 48.Re2 h5 49.Kg2 h4 50.Kh3 Rf6
51.Re3 a5 52.a3 Rf4 53.Kg2 Rf5 54.Rc3 Rb5 55.Kh3 Kf5 56.Kg2 Kf4 57.Rc4+ Kf5
58.b4 axb4 59.axb4 Kg6  1-0

[Event "Bundesliga 1999-2000"]
[Site "Luebeck GER"]
[Date "2000.02.20"]
[Round "11"]
[White "Slobodjan,R"]
[Black "Speelman,J"]
[Result "1/2-1/2"]
[WhiteElo "2561"]
[BlackElo "2604"]

1.Nf3 Nf6 2.c4 c5 3.Nc3 Nc6 4.g3 g6 5.Bg2 Bg7 6.O-O d6 7.d3 O-O 8.Bd2 Rb8
9.Qc1 a6 10.Bh6 b5 11.b3 Bg4 12.Bxg7 Kxg7 13.Qd2 Qa5 14.Rfe1  1/2-1/2

[Event "Oz.com qualifier blitz"]
[Site "Internet ICC"]
[Date "2000.03.05"]
[Round "7"]
[White "Speelman,J"]
[Black "Peralta,F"]
[Result "1/2-1/2"]
[WhiteElo "2604"]
[BlackElo "2405"]

1.Nf3 Nf6 2.c4 g6 3.Nc3 Bg7 4.d4 O-O 5.Bg5 d6 6.e3 c5 7.d5 h6 8.Bh4 e5 9.Nd2 Qe8
10.Be2 Nh7 11.g4 a6 12.a4 b6 13.Bg3 Nd7 14.h4 f5 15.h5 f4 16.hxg6 Qxg6 17.Bh4 e4
18.exf4 Rxf4 19.Bg3 Rf8 20.Ncxe4 Ne5 21.Rh4 Ng5 22.Qc2 Ngf3+ 23.Nxf3 Nxf3+
24.Bxf3 Rxf3 25.O-O-O Bxg4 26.Nxd6 Qxc2+ 27.Kxc2 h5 28.Re1 Raf8 29.Re8 Bf6
30.Rxf8+ Kxf8 31.Rh1 Ke7 32.Re1+ Kd7 33.Ne4 Bd4 34.Nd2 Rf7 35.f4 Bf5+ 36.Kb3 Rg7
37.Bh4 Rg2 38.Nf3 Rxb2+ 39.Ka3 Bc3 40.Re7+ Kc8 41.Re8+ Kd7 42.Rd8+ Kc7 43.d6+ Kb7
44.d7 Bc2 45.Rb8+ Ka7 46.Ra8+ Kb7 47.Rb8+ Ka7 48.d8=Q  1/2-1/2

[Event "4NCL"]
[Site "Birmingham ENG"]
[Date "2000.03.26"]
[Round "8"]
[White "Norwood,D"]
[Black "Speelman,J"]
[Result "1/2-1/2"]
[WhiteElo "2518"]
[BlackElo "2604"]

1.Nf3 b6 2.d4 Bb7 3.Bg5 h6 4.Bh4 Nf6 5.Nbd2 e6 6.e3 Be7 7.Bd3 c5 8.c3 d6
9.Qe2 Nbd7 10.O-O O-O 11.e4 Nh5 12.Bxe7 Qxe7 13.g3 cxd4 14.cxd4 Nhf6 15.Ba6  1/2-1/2

[Event "4NCL"]
[Site "Birmingham ENG"]
[Date "2000.04.29"]
[Round "9"]
[White "Collinson,A"]
[Black "Speelman,J"]
[Result "0-1"]
[WhiteElo "2405"]
[BlackElo "2604"]

1.e4 c6 2.d4 d5 3.exd5 cxd5 4.c4 Nf6 5.Nc3 e6 6.Nf3 Bb4 7.cxd5 Nxd5 8.Bd2 Nc6
9.Bd3 Be7 10.a3 Bf6 11.O-O O-O 12.Qe2 g6 13.Bh6 Re8 14.Rfd1 Nxc3 15.bxc3 Bd7
16.Ne5 Nxe5 17.dxe5 Bh8 18.Bf4 Qc7 19.h4 Ba4 20.Rdc1 Rad8 21.h5 Rd5 22.hxg6 hxg6
23.Be4 Bxe5 24.Bxd5 Bxf4 25.Qe4 exd5 26.Qxa4 Re4 27.Qxa7 Bh2+ 28.Kh1 Rh4
29.Re1 Qc8 30.f4 Bxf4+ 31.Kg1 Bd6  0-1

[Event "4NCL"]
[Site "Birmingham ENG"]
[Date "2000.05.01"]
[Round "11"]
[White "Miles,A"]
[Black "Speelman,J"]
[Result "1/2-1/2"]
[WhiteElo "2579"]
[BlackElo "2604"]

1.d4 Nf6 2.Nf3 e6 3.c3 b6 4.Bg5 Bb7 5.Nbd2 Be7 6.e3 h6 7.Bh4 Ne4 8.Bxe7 Qxe7
9.Nxe4 Bxe4 10.Bd3 Bxd3 11.Qxd3 Nc6 12.O-O O-O 13.Rad1 a5 14.e4 a4 15.Rfe1 Na5
16.Qb5 Nb7 17.e5 Ra5 18.Qc4 Rc8 19.h3 Qe8 20.Re3  1/2-1/2

[Event "10th It"]
[Site "Lippstadt GER"]
[Date "2000.07.08"]
[Round "3"]
[White "Dautov,R"]
[Black "Speelman,J"]
[Result "1/2-1/2"]
[WhiteElo "2606"]
[BlackElo "2623"]

1.d4 e6 2.c4 b6 3.e4 Bb7 4.Bd3 Bb4+ 5.Bd2 Nc6 6.Nf3 Qf6 7.d5 Bxd2+ 8.Qxd2 Nce7
9.Nc3 a6 10.O-O Qh6 11.Qc2 Nf6 12.e5 Nh5 13.Be4 O-O 14.dxe6 Bxe4 15.exf7+ Rxf7
16.Qxe4 Raf8 17.Nd4 Qd2 18.Nde2 Nf4 19.Rad1 Qxb2 20.Rxd7 Nxe2+ 21.Qxe2 Qxc3
22.e6 Rf5 23.Rxe7 Qf6 24.Rxc7 Re5 25.Qb2 Rxe6 26.Qxf6 Rfxf6 27.Ra7 a5 28.h3 h6
29.Rd1 Rd6 30.Rd7 Rxd7 31.Rxd7 Rf4 32.Rc7 Rd4 33.c5 bxc5 34.Rxc5 Rd1+ 35.Kh2 Rd2
36.Rxa5 Rxf2 37.Kg3 Rc2 38.Ra3 Kh7 39.Kf3 Kg6 40.g3 Kh5 41.Ra5+ Kg6 42.h4 Rc3+
43.Kf4 Rc4+ 44.Ke5 Rg4 45.Ra3 Kh5 46.Rd3 Ra4 47.a3 g5 48.hxg5 hxg5 49.Kd5 Kg4
50.Kc6 Ra8  1/2-1/2

[Event "10th It"]
[Site "Lippstadt GER"]
[Date "2000.07.10"]
[Round "5"]
[White "Slobodjan,R"]
[Black "Speelman,J"]
[Result "1-0"]
[WhiteElo "2539"]
[BlackElo "2623"]

1.d4 Nf6 2.c4 e6 3.Nf3 b6 4.a3 Bb7 5.Nc3 g6 6.Qc2 Bxf3 7.exf3 Nc6 8.Be3 Bg7
9.O-O-O Ne7 10.g4 d5 11.h4 h6 12.Be2 dxc4 13.h5 g5 14.Bxc4 c6 15.Kb1 Rc8
16.Qd2 Ned5 17.Nxd5 Nxd5 18.f4 gxf4 19.Bxf4 Nxf4 20.Qxf4 b5 21.Bb3 Qf6 22.Qe4 c5
23.f4 c4 24.Bc2 Qe7 25.f5 b4 26.fxe6 Qxe6 27.Qb7 O-O 28.Bf5 Qd6 29.Bxc8 bxa3
30.Rh3 axb2 31.Rc3 Qh2 32.Rxc4 Qe2 33.Qb3 a5 34.Bf5  1-0

[Event "10th It"]
[Site "Lippstadt GER"]
[Date "2000.07.11"]
[Round "6"]
[White "Speelman,J"]
[Black "Schlosser,P"]
[Result "1/2-1/2"]
[WhiteElo "2623"]
[BlackElo "2523"]

1.c4 Nf6 2.Nc3 e6 3.d4 Bb4 4.e3 O-O 5.Bd3 d5 6.Nf3 c5 7.O-O dxc4 8.Bxc4 cxd4
9.exd4 a6 10.a4 Nc6 11.Bg5 Be7 12.Re1 Bd7 13.Qe2 Re8 14.Rad1 Nd5 15.Bd2 Bf6
16.Qe4 Nxc3 17.Bxc3 Qc7 18.Ne5 Nxe5 19.dxe5 Be7 20.Rd3 Bxa4 21.Rh3 g6 22.Bxe6 fxe6
23.Qxa4 Bc5 24.Bd4 Rf8 25.Bxc5  1/2-1/2

[Event "10th It"]
[Site "Lippstadt GER"]
[Date "2000.07.13"]
[Round "8"]
[White "Speelman,J"]
[Black "Brenke,A"]
[Result "1-0"]
[WhiteElo "2623"]
[BlackElo "2357"]

1.Nf3 Nf6 2.c4 g6 3.Nc3 Bg7 4.e4 e5 5.Nxe5 Nxe4 6.Nxe4 Bxe5 7.d4 Bg7 8.Bg5 f6
9.Be3 O-O 10.Nc3 d6 11.Be2 Nc6 12.Qd2 Ne7 13.g4 f5 14.f3 a6 15.h3 Be6 16.d5 Bd7
17.O-O Rf7 18.a4 Qf8 19.Kg2 h6 20.h4 Re8 21.Rae1 h5 22.g5 f4 23.Bf2 Nf5 24.Bd3 Be5
25.Bxf5 Rxf5 26.Bd4 Bxd4 27.Qxd4 Rfe5 28.Rxe5 dxe5 29.Qd2 Bf5 30.Re1 Qb4
31.Ne4 Qxd2+ 32.Nxd2 b6 33.Kf2 Kf8 34.b4 Bd3 35.Ra1 a5 36.Ra3 e4 37.fxe4 Bxe4
38.bxa5 bxa5 39.Rb3 Bc2 40.Rf3 Ke7 41.Rxf4 Rf8 42.Rxf8 Kxf8 43.Ke3 Bxa4 44.Kd4 Ke7
45.c5 Bc2 46.Kc3 Bf5 47.Nc4 a4 48.Ne3 Bd7 49.Kb4 Be8 50.Nd1 Kd8 51.Nc3 Kc8
52.Nxa4 Kb7 53.c6+ Bxc6 54.Nc5+ Kb6 55.dxc6 Kxc6 56.Ne6  1-0

[Event "ch-GBR"]
[Site "Millfield ENG"]
[Date "2000.08.03"]
[Round "4"]
[White "Miles,A"]
[Black "Speelman,J"]
[Result "1/2-1/2"]
[WhiteElo "2584"]
[BlackElo "2623"]

1.Nf3 b6 2.d4 Nf6 3.Bg5 Bb7 4.Nbd2 g6 5.Bxf6 exf6 6.g3 Bg7 7.Bg2 O-O 8.O-O f5
9.e3 Re8 10.c4 c5 11.dxc5  1/2-1/2

[Event "ch-GBR"]
[Site "Millfield ENG"]
[Date "2000.08.09"]
[Round "9"]
[White "Speelman,J"]
[Black "Ward,C"]
[Result "1/2-1/2"]
[WhiteElo "2623"]
[BlackElo "2508"]

1.d4 Nf6 2.Nf3 e6 3.g3 c5 4.Bg2 cxd4 5.O-O a6 6.Nxd4 Qc7 7.Bg5 Be7 8.Nd2 d6
9.c4 O-O 10.Rc1 h6 11.Bxf6 Bxf6 12.Ne4 Be7 13.e3 Nc6 14.Qd2 Bd7 15.Rfd1 Rfd8
16.Nc3 Nxd4 17.Qxd4 Rab8 18.h4 Qc5 19.Qd2 Qa7 20.a4  1/2-1/2

[Event "Bundesliga 2000-1"]
[Site "Hamburg GER"]
[Date "2000.10.15"]
[Round "2"]
[White "Speelman,J"]
[Black "Paulsen,D"]
[Result "1-0"]
[WhiteElo "2623"]
[BlackElo "2431"]

1.d4 Nf6 2.Nf3 c5 3.d5 c4 4.Nc3 Qa5 5.Qd4 Na6 6.e4 Nb4 7.Kd1 e6 8.a3 Na6
9.Bxc4 Bc5 10.Qd2 b5 11.Nxb5 Qxd2+ 12.Nxd2 Ng4 13.Ke2 exd5 14.Bxd5 Rb8 15.c4 O-O
16.b4 Bb6 17.Bb2 Nxf2 18.Rhf1 Ng4 19.Nd6 Nh6 20.Nxf7  1-0